Geologický sborník

Bibliographic Details
New Title:Geologica Carpathica (Bratislava, Tlačené vydanie)
Format: Journal
Language:Slovak
PhysicalDescription:41 zv. 25 x 18 cm
Published: Bratislava Slovenská akadémia vied a umení 1950-1990
Bratislava Slovenská akadémia vied
Bratislava Vydavateľstvo Slovenskej akadémie vied
Bratislava Veda
ISSN:0016-7738
1335-0552
Subjects:

MARC

LEADER 00000cas a2200000 a 4500
001 vtls010299703
003 SK-MaSNL
005 20260228162952.0
008 110810d19501990xo br|p 0 b0slo
022 |a 0016-7738 
035 |a (SVKBB03)vtls000105759 
040 |a SNK  |b slo  |c SNK  |d SAVUK  |e AACR2 
041 0 |a slo 
044 |a xo  |c SK 
072 7 |a 55  |x Vedy o Zemi. Geologické vedy  |2 konspekt 
080 |a 050  |2 2001 
080 |a (051)-027.561  |2 2001 
080 |a 55  |2 2001 
080 |a 62-1/-9  |2 2001 
210 0 |a Geol. zb. 
222 0 |a Geologický zborník 
245 0 0 |a Geologický sborník 
246 3 3 |a Geologický sborník Slovenskej akadémie vied  |f 1953-1960 
246 3 3 |a Geologický zborník  |f 1968-1990 
246 3 3 |a Geologica Carpathica 
260 |a Bratislava  |b Slovenská akadémia vied a umení  |c 1950-1990 
260 2 |3 1/1953-1973  |a Bratislava  |b Slovenská akadémia vied 
260 2 |3 1961-1  |a Bratislava  |b Vydavateľstvo Slovenskej akadémie vied 
260 3 |3 1974-1990  |a Bratislava  |b Veda 
300 |a 41 zv.  |c 25 x 18 cm 
310 |a 6x ročne  |b 1981-1990 
321 |a 4x ročne  |b 1950, 1952-1956, 1979-1980 
321 |a 2x ročne  |b 1957-1978 
321 |a 1x ročne  |b 1951 
362 0 |a Roč. I , č. 1 (1950)-vol. 41, no. 6 (Dec. 1990) 
500 |a Vych. v Bratislave 4x ročne, od 1/VIII (1957) 2x ročne; vo formáte 25 x 18 cm, od 1/XII (1961) 23 x 16,5 cm 
500 |a Redaktori sa menia 
500 |a Vyd. Slov. akadémia vied a umení, od 1/IV (1953) Slov. akadémia vied v Bratislave, od 1/XII (1961) Vydavateľstvo Slovenskej akadémie vied 
500 |a Tlač. Svoboda, n. p., záv. 5 v Brne, od 1/IV (1953) Brněnské tiskárny n. p., zákl. záv. v Brne, od 1/IX (1958) Tisk, knižní výroba, n. p., záv. Brno, prov. 1, od 1/XV (1964) Tlačiarne SNP, záv. Banská Bystrica, od 1/XVI (1965) Tlač. SNP, závod Martin 
650 0 7 |a geologické vedy  |2 SNKPH  |9 68162 
650 0 7 |a Geological sciences  |2 SNKPHeng  |9 265422 
650 0 7 |a Geology  |2 SNKPHeng  |9 267026 
650 0 7 |a geológia  |2 SNKPH  |9 167377 
655 7 |a odborné časopisy  |2 SNKPH  |9 70505 
655 7 |a Professional journals  |2 SNKPHeng  |9 265007 
785 0 0 |t Geologica Carpathica (Bratislava, Tlačené vydanie)  |x 1335-0552  |w vtls001476048 
910 |a savuk 
910 |a snk 
910 |a snmk 
916 |a 1950-1990 
999 |c 8658  |d 10588 
952 |0 0  |1 0  |4 0  |7 0  |8 0  |a SNK  |b SNK  |d 1997-03-17  |f 1  |i snkČSP 237/93  |l 0  |o snkČSC 491/41/1/1990  |p 17A0055539  |r 2005-01-02 00:00:00  |t č. 1-3  |w 2026-02-21  |y PREZ 
952 |0 0  |1 0  |4 0  |7 0  |a SNK  |b SNK  |d 2010-01-19  |f 1  |i snkČSP 663/72  |l 0  |o snkČSC 491/22/1971  |p 17A0642274  |r 2026-02-21 19:31:23  |t č. 1-2  |w 2026-02-21  |y PREZ 
952 |0 0  |1 0  |4 0  |7 0  |a SNK  |b SNK  |d 2010-01-19  |f 1  |i snkČSP 869/70  |l 0  |o snkČSC 491/20/1969  |p 17A0642173  |r 2026-02-21 19:31:24  |t č. 1-2  |w 2026-02-21  |y PREZ 
952 |0 0  |1 0  |4 0  |7 0  |a SNK  |b SNK  |d 2010-01-20  |i snkČSP 231/71  |l 0  |o snkČSC 491/20/1969 D1  |p 17A0642245  |r 2026-02-21 19:31:24  |t č. 1-2  |w 2026-02-21  |y PREZ 
952 |0 0  |1 0  |4 0  |7 0  |a SNK  |b SNK  |d 2010-01-13  |i snkČSP 1715/81  |l 0  |o snkČSC 491/31/1980 D1  |p 17A0626291  |r 2026-02-21 19:31:26  |t č. 1-4  |w 2026-02-21  |y PREZ 
952 |0 0  |1 0  |4 0  |7 0  |a SNK  |b SNK  |d 2010-01-18  |i snkČSP 3498/87  |l 0  |o snkČSC 491/36/1985/1 D1  |p 17A0642275  |r 2026-02-21 19:31:27  |t č. 1-3  |w 2026-02-21  |y PREZ 
952 |0 0  |1 0  |4 0  |7 0  |a SNK  |b SNK  |d 2010-01-18  |f 1  |i snkČSP 233/93  |l 0  |o snkČSC 491/40/1989/1  |p 17A0642028  |r 2026-02-21 19:31:27  |t č. 1-3  |w 2026-02-21  |y PREZ 
952 |0 0  |1 0  |4 0  |7 0  |a SNK  |b SNK  |d 2010-01-18  |f 1  |i snkČSP 235/93  |l 0  |o snkČSC 491/40/1989/2  |p 17A0642276  |r 2026-02-21 19:31:27  |t č. 4-6  |w 2026-02-21  |y PREZ 
952 |0 0  |1 0  |4 0  |7 0  |a SNK  |b SNK  |d 2000-05-09  |f 1  |i snkČSP 1728/82  |l 0  |o snkČSC 491/32/1981  |p 17A0238347  |r 2005-01-02 00:00:00  |t č. 1-6  |w 2026-02-21  |y PREZ 
952 |0 0  |1 0  |4 0  |7 0  |8 2  |a SNK  |b SNK  |d 2000-07-06  |f 1  |i snkČSV 55/59  |l 0  |o snkČSC 491/4/1953/2  |p 17A1087087  |r 2005-01-02 00:00:00  |t č. 3-4  |w 2026-02-21  |y PREZ 
952 |0 0  |1 0  |4 0  |7 0  |a SNK  |b SNK  |d 2000-07-06  |f 1  |i snkČSP 65/69  |l 0  |o snkČSC 491/18/1967  |p 17A0245285  |r 2005-01-02 00:00:00  |t č. 1-2  |w 2026-02-21  |y PREZ 
952 |0 0  |1 0  |4 0  |7 0  |a SNK  |b SNK  |d 2000-07-06  |f 1  |i snkČSP 660/63  |l 0  |o snkČSC 491/13/1962  |p 17A0245299  |r 2005-01-02 00:00:00  |t č. 1-2  |w 2026-02-21  |y PREZ 
952 |0 0  |1 0  |4 0  |7 0  |a SNK  |b SNK  |d 2000-07-06  |l 0  |o snkČSC 491/34/1/1983 D1  |p 17A0245281  |r 2005-01-02 00:00:00  |t č. 1-3  |w 2026-02-21  |y PREZ 
952 |0 0  |1 0  |4 0  |7 0  |a SNK  |b SNK  |d 2000-07-06  |l 0  |o snkČSC 491/34/2/1983 D1  |p 17A0245338  |r 2005-01-02 00:00:00  |t č. 4-6  |w 2026-02-21  |y PREZ 
952 |0 0  |1 0  |4 0  |7 0  |a SNK  |b SNK  |d 2000-07-06  |f 1  |i snkČSP 608/77  |l 0  |o snkČSC 491/27/1976  |p 17A0245196  |r 2005-01-02 00:00:00  |t č. 1-2  |w 2026-02-21  |y PREZ 
952 |0 0  |1 0  |4 0  |7 0  |a SNK  |b SNK  |d 2000-07-06  |f 1  |i snkČSP 643/1980  |l 0  |o snkČSC 491/30/1979  |p 17A0245223  |r 2005-01-02 00:00:00  |t č. 1-4  |w 2026-02-21  |y PREZ 
952 |0 0  |1 0  |4 0  |7 0  |a SNK  |b SNK  |d 2000-08-04  |f 1  |i snkČSP 637/65  |l 0  |o snkČSC 491/15/1964  |p 17A0248048  |r 2005-01-02 00:00:00  |t č. 1-2  |w 2026-02-21  |y PREZ 
952 |0 0  |1 0  |4 0  |7 0  |a SNK  |b SNK  |d 2000-08-04  |f 1  |i snkČSP 1185/60  |l 0  |o snkČSC 491/10/1959  |p 17A0248033  |r 2005-01-02 00:00:00  |t č. 1-2  |w 2026-02-21  |y PREZ 
952 |0 0  |1 0  |4 0  |7 0  |a SNK  |b SNK  |d 2004-08-06  |f 1  |l 0  |o snkČSC 491/1/1950  |p 17A0436352  |r 2005-01-02 00:00:00  |t č. 1-4  |w 2026-02-21  |y PREZ 
952 |0 0  |1 0  |4 0  |7 0  |a SNK  |b SNK  |d 2004-08-06  |l 0  |o snkČSC 491/1/1950 - príl.  |p 17A0436812  |r 2005-01-02 00:00:00  |w 2026-02-21  |y PREZ 
952 |0 0  |1 0  |4 0  |7 0  |a SNK  |b SNK  |d 2000-07-14  |l 0  |o snkČSC 491/37/1986/2 D1  |p 17A0245591  |r 2005-01-02 00:00:00  |t č. 4-6  |w 2026-02-21  |y PREZ 
952 |0 0  |1 0  |4 0  |7 0  |a SNK  |b SNK  |d 2000-08-07  |f 1  |i snkČSP 1187/77  |l 0  |o snkČSC 491/28/1977  |p 17A0248901  |r 2005-01-02 00:00:00  |t č. 1-2  |w 2026-02-21  |y PREZ 
952 |0 0  |1 0  |4 0  |7 0  |a SNK  |b SNK  |d 2000-08-07  |l 0  |o snkČSC 491/35/1/1984 D1  |p 17A0248903  |r 2005-01-02 00:00:00  |t č. 1-3  |w 2026-02-21  |y PREZ 
952 |0 0  |1 0  |4 0  |7 0  |a SNK  |b SNK  |d 2009-04-28  |i snkČSP 112/67  |l 0  |o snkČSC 491/15/1964 D2  |p 17A0616273  |r 2026-02-21 19:42:13  |t č. 1-2  |w 2026-02-21  |y PREZ 
952 |0 0  |1 0  |4 0  |7 0  |8 5  |a SNK  |b SNK  |d 2014-01-08  |i snkF 1518/80  |l 0  |o snkČSC 491/6/1955 D1  |p 17A0339543  |r 2026-02-21 19:43:39  |t č. 1-2  |w 2026-02-21  |y PREZ 
952 |0 0  |1 0  |4 0  |7 0  |8 3  |a SNK  |b SNK  |d 2014-01-27  |f 1  |i snkVIII.3194/52  |l 0  |o snkČSC 491/2/1951  |p 17A0734423  |r 2026-02-21 19:43:57  |t č. 1  |w 2026-02-21  |y PREZ 
952 |0 0  |1 0  |4 0  |7 0  |a SNK  |b SNK  |d 2014-01-27  |f 1  |i snkČSV 57/59  |l 0  |o snkČSC 491/6/1955   |p 17A0734422  |r 2026-02-21 19:43:57  |t č. 1-4  |w 2026-02-21  |y PREZ 
952 |0 0  |1 0  |4 0  |7 0  |a SNK  |b SNK  |d 2014-01-28  |f 1  |i snkPV 1665/83   |l 0  |o snkČSC 491/33/1982   |p 17A0734284  |r 2026-02-21 19:44:00  |t č. 1-6  |w 2026-02-21  |y PREZ 
952 |0 0  |1 0  |4 0  |7 0  |a SNK  |b SNK  |d 2014-01-28  |f 1  |i snkČSP 1193/84  |l 0  |o snkČSC 491/34/1/1983   |p 17A0734283  |r 2026-02-21 19:44:00  |t č. 1-3  |w 2026-02-21  |y PREZ 
952 |0 0  |1 0  |4 0  |7 0  |a SNK  |b SNK  |d 2014-01-28  |f 1  |i snkČSP 1194/84  |l 0  |o snkČSC 491/34/2/1983   |p 17A0734282  |r 2026-02-21 19:44:00  |t č. 4-6  |w 2026-02-21  |y PREZ 
952 |0 0  |1 0  |4 0  |7 0  |a SNK  |b SNK  |d 2014-01-28  |f 1  |i snkČSP 1186/85  |l 0  |o snkČSC 491/35/1/1984   |p 17A0734281  |r 2026-02-21 19:44:00  |t č. 1-3  |w 2026-02-21  |y PREZ 
952 |0 0  |1 0  |4 0  |7 0  |a SNK  |b SNK  |d 2014-01-28  |f 1  |i snkČSP 1187/85  |l 0  |o snkČSC 491/35/2/1984   |p 17A0734280  |r 2026-02-21 19:44:00  |t č. 4-6  |w 2026-02-21  |y PREZ 
952 |0 0  |1 0  |4 0  |7 0  |a SNK  |b SNK  |d 2014-01-28  |f 1  |i snkČSP 3497/87  |l 0  |o snkČSC 491/36/1985/1   |p 17A0734279  |r 2026-02-21 19:44:00  |t č. 1-3  |w 2026-02-21  |y PREZ 
952 |0 0  |1 0  |4 0  |7 0  |a SNK  |b SNK  |d 2014-01-28  |f 1  |i snkČSP 3499/87  |l 0  |o snkČSC 491/36/1985/2   |p 17A0734278  |r 2026-02-21 19:44:00  |t č. 4-6  |w 2026-02-21  |y PREZ 
952 |0 0  |1 0  |4 0  |7 0  |a SNK  |b SNK  |d 2014-01-28  |f 1  |i snkČSP 4327/87  |l 0  |o snkČSC 491/37/1986/1   |p 17A0734277  |r 2026-02-21 19:44:00  |t č. 1-3  |w 2026-02-21  |y PREZ 
952 |0 0  |1 0  |4 0  |7 0  |a SNK  |b SNK  |d 2014-01-28  |f 1  |i snkČSP 4329/87  |l 0  |o snkČSC 491/37/1986/2   |p 17A0734276  |r 2026-02-21 19:44:00  |t č. 4-6  |w 2026-02-21  |y PREZ 
952 |0 0  |1 0  |4 0  |7 0  |a SNK  |b SNK  |d 2006-03-10  |i snkK 2293/75  |l 0  |o snkČSC 491/3/1952 D1  |p 17A0500342  |r 2026-02-21 19:47:18  |t č. 1-4  |w 2026-02-21  |y PREZ 
952 |0 0  |1 0  |4 0  |7 0  |a SNK  |b SNK  |d 2021-04-14  |i snkČSP 238/93  |l 0  |o snkČSC 491/41/1990/1  |p 17A1347635  |r 2026-02-21 19:59:32  |t č. 1-3  |w 2026-02-21  |y PREZ 
952 |0 0  |1 0  |4 0  |7 0  |a SNK  |b SNK  |d 2022-02-16  |i snkČSP 445/76  |l 0  |o snkČSC 491/26/1975 D1  |p 17A1316554  |r 2026-02-21 20:00:11  |t č. 1-2  |w 2026-02-21  |y PREZ  |z č. 1-2 
952 |0 0  |1 0  |3 rekatalogizácia  |4 0  |7 0  |a SNK  |b SNK  |d 2006-11-08  |f 1  |i snkČSP 538/57  |l 0  |o snkČSC 491/7/1956  |p 17A0527757  |r 2026-02-21 20:05:17  |t č. 1-4  |w 2026-02-21  |y PREZ 
952 |0 0  |1 0  |4 0  |7 0  |a SNK  |b SNK  |d 2011-03-24  |i snkČSP 609/77  |l 0  |o snkČSC 491/27/1976 D1  |p 17A0692496  |r 2026-02-21 20:05:50  |t č. 1-2  |w 2026-02-21  |y PREZ 
952 |0 0  |1 0  |4 0  |7 0  |a SNK  |b SNK  |d 2005-04-11  |i snkČSP 1895/76  |l 0  |o snkČSC 491/16/1965/1 D1  |p 17A0466205  |r 2026-02-21 20:07:00  |t č. 1-2  |w 2026-02-21  |y PREZ 
952 |0 0  |1 0  |4 0  |7 0  |a SNK  |b SNK  |d 2002-08-06  |l 0  |o snkČSC 491/8/1957 D1  |p 17A0350079  |r 2005-01-02 00:00:00  |t č. 1-2  |w 2026-02-21  |y PREZ 
952 |0 0  |1 0  |4 0  |7 0  |a SNK  |b SNK  |d 2000-07-06  |f 1  |i snkČSP 1312/78  |l 0  |o snkČSC 491/29/1978  |p 17A0245277  |r 2005-01-02 00:00:00  |t č. 1-2  |w 2026-02-21  |y PREZ 
952 |0 0  |1 0  |4 0  |7 0  |a SNK  |b SNK  |d 2009-04-30  |i snkČSP 322/75  |l 0  |o snkČSC 491/25/1974 D1  |p 17A0616811  |r 2026-02-21 20:16:47  |t č. 1-2  |w 2026-02-21  |y PREZ 
952 |0 0  |1 0  |4 0  |7 0  |a SNK  |b SNK  |d 2010-02-16  |i snkČSP 1313/78  |l 0  |o snkČSC 491/29/1978 D1  |p 17A0642541  |r 2026-02-21 20:22:09  |t č. 1-2  |w 2026-02-21  |y PREZ 
952 |0 0  |1 0  |4 0  |7 0  |a SNK  |b SNK  |d 2009-05-05  |l 0  |o snkČSC 491/17/1966/2 D1  |p 17A0466202  |r 2026-02-21 20:28:57  |t č. 1-2  |w 2026-02-21  |y PREZ 
952 |0 0  |1 0  |4 0  |7 0  |a SNK  |b SNK  |d 2009-05-05  |i snkČSP 360/64  |l 0  |o snkČSC 491/13/1962 D1  |p 17A0616931  |r 2026-02-21 20:28:57  |t č. 1-2  |w 2026-02-21  |y PREZ 
952 |0 0  |1 0  |4 0  |7 0  |8 2  |a SNK  |b SNK  |d 2000-07-06  |f 1  |i snkČSV 58/59  |l 0  |o snkČSC 491/8/1957  |p 17A0245310  |r 2005-01-02 00:00:00  |t č. 1-2  |w 2026-02-21  |y PREZ 
952 |0 0  |1 0  |4 0  |7 0  |a SNK  |b SNK  |d 2014-01-27  |f 1  |i snkČSP 140/59  |l 0  |o snkČSC 491/9/1958   |p 17A0734421  |r 2026-02-21 20:31:33  |t č. 1-2  |w 2026-02-21  |y PREZ 
952 |0 0  |1 0  |4 0  |7 0  |a SNK  |b SNK  |d 1997-03-17  |l 0  |o snkČSC 491/41/2/1990 D1  |p 17A0055517  |r 2005-01-02 00:00:00  |t č. 4-6  |w 2026-02-21  |y PREZ 
952 |0 0  |1 0  |4 0  |7 0  |a SNK  |b SNK  |d 2009-04-27  |i snkČSP 318/73  |l 0  |o snkČSC 491/23/1972 D1  |p 17A0616102  |r 2026-02-21 20:31:36  |t č. 1-2  |w 2026-02-21  |y PREZ 
952 |0 0  |1 0  |4 0  |7 0  |a SNK  |b SNK  |d 2000-07-14  |l 0  |o snkČSC 491/37/1986/1 D1  |p 17A0245627  |r 2005-01-02 00:00:00  |t č. 1-3  |w 2026-02-21  |y PREZ 
952 |0 0  |1 0  |4 0  |7 0  |a SNK  |b SNK  |d 2014-01-28  |f 1  |i snkČSP 225/93  |l 0  |o snkČSC 491/38/1987/1  |p 17A0734275  |r 2026-02-21 20:31:39  |t č. 1-3  |w 2026-02-21  |y PREZ 
952 |0 0  |1 0  |4 0  |7 0  |a SNK  |b SNK  |d 2014-01-28  |f 1  |i snkČSP 227/93  |l 0  |o snkČSC 491/38/1987/2  |p 17A0734274  |r 2026-02-21 20:31:39  |t č. 4-6  |w 2026-02-21  |y PREZ 
952 |0 0  |1 0  |4 0  |7 0  |a SNK  |b SNK  |d 2014-01-28  |f 1  |i snkČSP 229/93  |l 0  |o snkČSC 491/39/1988/1  |p 17A0734273  |r 2026-02-21 20:31:39  |t č. 1-3  |w 2026-02-21  |y PREZ 
952 |0 0  |1 0  |4 0  |7 0  |a SNK  |b SNK  |d 2014-01-28  |f 1  |i snkČSP 231/93  |l 0  |o snkČSC 491/39/1988/2  |p 17A0734272  |r 2026-02-21 20:31:39  |t č. 4-6  |w 2026-02-21  |y PREZ 
952 |0 0  |1 0  |4 0  |7 0  |a SNK  |b SNK  |d 2014-01-28  |f 1  |i snkČSP 239/93  |l 0  |o snkČSC 491/41/2/1990   |p 17A0734271  |r 2026-02-21 20:31:39  |t č. 4-6  |w 2026-02-21  |y PREZ 
952 |0 0  |1 0  |4 0  |7 0  |a SNK  |b SNK  |d 2014-01-27  |f 1  |i snkČSP 1860/61  |l 0  |o snkČSC 491/11/1960   |p 17A0734420  |r 2026-02-21 20:31:40  |t č. 1-2  |w 2026-02-21  |y PREZ 
952 |0 0  |1 0  |4 0  |7 0  |a SNK  |b SNK  |d 2014-01-27  |f 1  |i snkČSP 358/62  |l 0  |o snkČSC 491/12/1961   |p 17A0734419  |r 2026-02-21 20:31:40  |t č. 1-2  |w 2026-02-21  |y PREZ 
952 |0 0  |1 0  |4 0  |7 0  |a SNK  |b SNK  |d 2014-01-27  |f 1  |i snkČSP 19/64  |l 0  |o snkČSC 491/14/1963  |p 17A0734418  |r 2026-02-21 20:31:40  |t č. 1-2  |w 2026-02-21  |y PREZ 
952 |0 0  |1 0  |4 0  |7 0  |a SNK  |b SNK  |d 2014-01-27  |f 1  |i snkČSP 650/74  |l 0  |o snkČSC 491/24/1973  |p 17A0734417  |r 2026-02-21 20:31:40  |t č. 1-2  |w 2026-02-21  |y PREZ 
952 |0 0  |1 0  |4 0  |7 0  |a SNK  |b SNK  |d 2014-01-27  |f 1  |i snkČSP 323/75  |l 0  |o snkČSC 491/25/1974  |p 17A0734416  |r 2026-02-21 20:31:40  |t č. 1-2  |w 2026-02-21  |y PREZ 
952 |0 0  |1 0  |4 0  |7 0  |a SNK  |b SNK  |d 1997-10-06  |f 1  |i snkČSP 319/73  |l 0  |o snkČSC 491/23/1972  |p 17A0099358  |r 2005-01-02 00:00:00  |t č. 1-2  |w 2026-02-21  |y PREZ 
952 |0 0  |1 0  |4 0  |7 0  |a SNK  |b SNK  |d 1997-10-06  |f 1  |i snkČSP 331/66  |l 0  |o snkČSC 491/16/1965  |p 17A0101862  |r 2005-01-02 00:00:00  |t č. 1-2  |w 2026-02-21  |y PREZ 
952 |0 0  |1 0  |4 0  |7 0  |a SNK  |b SNK  |d 1997-10-06  |f 1  |i snkČSP 963/67  |l 0  |o snkČSC 491/17/1966  |p 17A0101860  |r 2005-01-02 00:00:00  |t č. 1-2  |w 2026-02-21  |y PREZ 
952 |0 0  |1 0  |4 0  |7 0  |a SNK  |b SNK  |d 2000-08-08  |l 0  |o snkČSC 491/35/2/1984 D1  |p 17A0248882  |r 2005-01-02 00:00:00  |t č. 4-6  |w 2026-02-21  |y PREZ 
952 |0 0  |1 0  |4 0  |7 0  |a SNK  |b SNK  |d 2000-07-10  |f 1  |l 0  |o snkČSC 491/4/1953/1  |p 17A0243360  |r 2005-01-02 00:00:00  |t č. 1-2  |w 2026-02-21  |y PREZ 
952 |0 0  |1 0  |4 0  |7 0  |8 3  |a SNK  |b SNK  |d 2002-11-08  |i snkK 2295/75  |l 0  |o snkČSC 491/4/1953/2 D1  |p 17A0360872  |r 2005-01-02 00:00:00  |t č. 3-4  |w 2026-02-21  |y PREZ 
952 |0 0  |1 0  |4 0  |7 0  |a SNK  |b SNK  |d 2002-11-08  |l 0  |o snkČSC 491/4/1953/1 D2  |p 17A0362039  |r 2005-01-02 00:00:00  |t č. 1-2  |w 2026-02-21  |y PREZ 
952 |0 0  |1 0  |4 0  |7 0  |a SNK  |b SNK  |d 2000-06-27  |l 0  |o snkČSC 491/33/1982 D1  |p 17A0243441  |r 2005-01-02 00:00:00  |t č. 1-6  |w 2026-02-21  |y PREZ 
952 |0 0  |1 0  |4 0  |7 0  |a SNK  |b SNK  |d 2000-07-10  |f 1  |i snkII.917/54  |l 0  |o snkČSC 491/3/1952  |p 17A0245220  |r 2005-01-02 00:00:00  |t č. 1-4  |w 2026-02-21  |y PREZ 
952 |0 0  |1 0  |3 rekatalogizácia  |4 0  |7 0  |8 1  |a SNK  |b SNK  |d 2008-03-12  |i snkD 2424/73  |l 0  |o snkČSC 491/2/1951 D1  |p 17A0616961  |r 2026-02-21 20:49:20  |t č. 1  |w 2026-02-21  |y PREZ 
952 |0 0  |1 0  |4 0  |7 0  |a SNK  |b SNK  |d 2001-10-19  |f 1  |i snkČSP 1714/81  |l 0  |o snkČSC 491/31/1980  |p 17A0319410  |r 2005-01-02 00:00:00  |t č. 1-4  |w 2026-02-21  |y PREZ 
952 |0 0  |1 0  |4 0  |7 0  |a SNK  |b SNK  |d 2001-10-19  |f 1  |i snkČSC 903/71  |l 0  |o snkČSC 491/21/1970  |p 17A0319409  |r 2005-01-02 00:00:00  |t č. 1-2  |w 2026-02-21  |y PREZ 
952 |0 0  |1 0  |4 0  |7 0  |a SNK  |b SNK  |d 2001-10-19  |f 1  |i snkČSP 375/69  |l 0  |o snkČSC 491/19/1968  |p 17A0319190  |r 2005-01-02 00:00:00  |t č. 1-2  |w 2026-02-21  |y PREZ 
952 |0 0  |1 0  |4 0  |7 0  |a SNK  |b SNK  |d 1998-10-12  |f 1  |i snkČSP 446/76  |l 0  |o snkČSC 491/26/1975  |p 17A0164682  |r 2005-01-02 00:00:00  |t č. 1-2  |w 2026-02-21  |y PREZ 
952 |0 0  |1 0  |4 0  |7 0  |8 1  |a SNK  |b SNK  |d 2005-04-11  |i snkD 487/83  |l 0  |o snkČSC 491/6/1955 D2  |p 17A0466197  |r 2026-02-21 21:20:55  |t č. 1-2  |w 2026-02-21  |y PREZ 
952 |0 0  |1 0  |4 0  |7 0  |a SNK  |b SNK  |d 2005-04-11  |i snkČSP 1244/58  |l 0  |o snkČSC 491/7/1956 D1  |p 17A0466196  |r 2026-02-21 21:20:55  |t č. 1-2  |w 2026-02-21  |y PREZ 
952 |0 0  |1 0  |4 0  |7 0  |a SNK  |b SNK  |d 2005-04-11  |i snkKSP 391/63  |l 0  |o snkČSC 491/9/1958 D1  |p 17A0466371  |r 2026-02-21 21:20:55  |t č. 1-2  |w 2026-02-21  |y PREZ 
952 |0 0  |1 0  |4 0  |7 0  |a SNK  |b SNK  |d 2005-04-11  |i snkČIP 1903/61  |l 0  |o snkČSC 491/10/1959 D1  |p 17A0466372  |r 2026-02-21 21:20:55  |t č. 1-2  |w 2026-02-21  |y PREZ 
952 |0 0  |1 0  |4 0  |7 0  |a SNK  |b SNK  |d 2005-04-11  |l 0  |o snkČSC 491/4/1953/1 D1  |p 17A0466373  |r 2026-02-21 21:20:55  |t č. 1-2  |w 2026-02-21  |y PREZ 
952 |0 0  |1 0  |4 0  |7 0  |a SNK  |b SNK  |d 2005-04-11  |l 0  |o snkČSC 491/16/1965/2 D1  |p 17A0466204  |r 2026-02-21 21:20:55  |t č. 1-2  |w 2026-02-21  |y PREZ 
952 |0 0  |1 0  |4 0  |7 0  |a SNK  |b SNK  |d 2005-04-11  |i snkČSP 1896/76  |l 0  |o snkČSC 491/17/1966/1 D1  |p 17A0466198  |r 2026-02-21 21:20:55  |t č. 1-2  |w 2026-02-21  |y PREZ 
952 |0 0  |1 0  |4 0  |7 0  |a SNK  |b SNK  |d 2009-10-27  |i snkČSP 674/62  |l 0  |o snkČSC 491/11/1960 D1  |p 17A0629611  |r 2026-02-21 21:23:27  |t č. 1-2  |w 2026-02-21  |y PREZ 
952 |0 0  |1 0  |4 0  |7 0  |a SNK  |b SNK  |d 2009-10-27  |i snkČSP 675/62  |l 0  |o snkČSC 491/12/1961 D1  |p 17A0629597  |r 2026-02-21 21:23:27  |t č. 1-2  |w 2026-02-21  |y PREZ 
952 |0 0  |1 0  |4 0  |7 0  |a SNK  |b SNK  |d 1996-11-25  |l 0  |o snkČSC 491/5/1954 D1  |p 17A0020286  |r 2005-01-01 00:00:00  |t č. 1-4  |w 2026-02-21  |y PREZ 
952 |0 0  |1 0  |4 0  |7 0  |8 3  |a SNK  |b SNK  |d 2000-07-10  |f 1  |i snkČSK 224/58  |l 0  |o snkČSC 491/5/1954  |p 17A0245206  |r 2005-01-01 00:00:00  |t č. 1-4  |w 2026-02-21  |y PREZ 
952 |0 0  |1 0  |4 0  |7 0  |a SNK  |b SNK  |d 2018-12-28  |l 0  |o snkČSC 491/1/1950 D1  |p 17A1190818  |r 2026-02-21 22:20:26  |t č. 1-4  |w 2026-02-21  |y PREZ 
952 |0 0  |1 0  |3 č. 1-2, úplný  |4 0  |7 0  |a SNK  |b SNK  |d 2016-05-13  |i snkČSP 501/66  |l 0  |o snkČSC 491/14/1963 D1  |p 17A1150245  |r 2026-02-21 22:23:39  |t č. 1-2  |w 2026-02-21  |y PREZ  |z č. 1-2, úplný 
952 |0 0  |1 0  |3 č. 1-2, úplný  |4 0  |7 0  |a SNK  |b SNK  |d 2016-05-13  |i snkČSP 638/65  |l 0  |o snkČSC 491/15/1964 D1  |p 17A1150241  |r 2026-02-21 22:23:39  |t č. 1-2  |w 2026-02-21  |y PREZ  |z č. 1-2, úplný